Construire les Etats au Moye Orient (Cycle 2) - Statistiques

Statistiques générales
  • Ce quiz a été pris 20 fois
  • Le résultat moyen est 15 sur 31
Statistiques - réponses
Hint Réponse % Correct
Nationalisation du canal de Suez 1956
100%
Conférence de Bandung -> non alignement 1955
80%
Pacte de Bagdad (Pakistan, Iran, Turquie, Irak, Royaume-Uni) 1955
80%
Mort de Nasser 1970
80%
Guerre de Kippour 1973
80%
Assassinat imam Yahya 1948
60%
Guerre israelo-arabe 1948
60%
Assassinat d'Abdallah 1951
60%
Nationalisation de force du pétrole par Mossadegh 1951
60%
Opération Ajax 1953
60%
Assassinat Nouri Saïd + coup d'Etat en Irak (Baas) 1958
60%
Fin RAU 1961
60%
Révolution blanche en Iran 1963
60%
Guerre de 6 jours 1967
60%
Coup d'Etat des officiers égyptiens 1952
40%
réforme agraire en Egypte 1952
40%
Abolition de la Monarchie en Egypte, Nasser homme fort du régime 1953
40%
Débarquement américain au Liban 1958
40%
Création République Arabe Unie (RAU) 1958
40%
Coup d'Etat du Baas en Syrie (Hafez al-Assad) 1963
40%
Fondation OLP 1964
40%
Insurrection communiste dans le Dhofar (Oman) 1965-1976
40%
Répression sanglante place Taksim (Turquie) 1977
40%
Socialisme scientifique en Egypte (nationalisation des moyens de production) 1952
20%
Mise en place d'un autoritarisme par Reza Pahlavi 1953
20%
Guerre du Sinai 1956
20%
Saoud refuse la constitution aux princes rouges (régime autoritaire) 1961
20%
Coup d'Etat au Yemen + proclamation de la république 1962
20%
Fayçal al Saoud roi d'Arabie (Etat managérial) 1964
20%
Coup d'Etat de Kenan Avren au nom du Kemalisme 1980
20%
Evacuation définitive des soldats britanniques d'Egypte 1964
0%
Aucun quiz correspondant
Distribution des résultats
% des personnes avec chaque résultat
Percentile par nombre de réponses
Votre historique - résultats
Vous n’avez pas pris ce quiz